| 000 | 01158cad a22002415a 4500 | ||
|---|---|---|---|
| 001 | L150114 | ||
| 008 | 100604s2010 xxk f 000 0 eng d | ||
| 035 | _a(Sirsi) u150114 | ||
| 041 | 0 | _aeng | |
| 050 | 0 | 4 | _a364.163 $1 8 |
| 110 | 2 |
_aPriceWaterhouseCoopers _93793 |
|
| 245 | 0 | 0 |
_aGlobal economic crime survey March 2010 _bengineering and construction sector summary _h[electronic resource] |
| 260 |
_aLondon _bPwC _c2010 |
||
| 490 | 0 | _apwc.com/crimesurvey | |
| 520 | _aGlobal survey of over 3,000 senior employees in the construction industry reveals levels of bribery are nearly double the level in other industries; examines factors contributing to fraud, consequences, detection methods, case studies, graphs comparing engineering and construction with all other industries, changing worldwide trends; corruption. | ||
| 590 | _aKA NTK | ||
| 651 | 4 | _aInternational | |
| 690 | _aLAW-INTERNATIONAL | ||
| 690 | _aMANAGEMENT-FINANCIAL MANAGEMENT-BUSINESS MANAGEMENT | ||
| 690 | _aBRIBERY | ||
| 856 | 4 | 8 |
_uhttps://www.pwc.co.uk/pdf/engineering_constuction_summary_GECS_042010.pdf _zView this item free of charge at www.pwc.co.uk |
| 942 | _n0 | ||
| 999 |
_c110737 _d110737 |
||